Normal view
MARC view
- عبدالله ، باسم محمد صالح
Entry Personal Name
001 - CONTROL NUMBER
- control field: 53054
003 - CONTROL NUMBER IDENTIFIER
- control field: JO-AjAnu
005 - DATE AND TIME OF LATEST TRANSACTION
- control field: 20230606082721.0
008 - FIXED-LENGTH DATA ELEMENTS
- fixed length control field: 230606|| aca||aabn | a|a d
040 ## - CATALOGING SOURCE
- Original cataloging agency: JO-AjAnu
- Transcribing agency: JO-AjAnu
100 ## - HEADING--PERSONAL NAME
- Personal name: عبدالله ، باسم محمد صالح
670 ## - SOURCE DATA FOUND
- Source citation: Work cat.: (JO-AjAnu)27107: عبدالله ، باسم محمد صالح , author, شرح القانون التجاري البحريني / القسم الأول : النظرية العامة : الأعمال التجارية ، التاجر ، واجبات التاجر ، العقود التجارية